| 000 | 00752cam a22002415a 4500 | ||
|---|---|---|---|
| 001 | 14843735 | ||
| 005 | 20170103152235.0 | ||
| 008 | 070509t2007 gw a frb 001 0 eng d | ||
| 020 | _a9783540717485 | ||
| 040 |
_aDLC _cDLC _dDLC _dEG-ScBUE _beng |
||
| 082 | 0 | 4 |
_222 _a384.34 _bSCH |
| 100 | 1 | _aSchryen, Guido. | |
| 245 | 1 | 0 |
_aAnti-spam measures : _banalysis and design / _cGuido Schryen. |
| 260 |
_aBerlin ; _aNew York : _bSpringer, _cc.2007. |
||
| 300 |
_axix, 209 p. : _bill. ; _c24 cm. |
||
| 500 | _aIndex : p. [205]-209. | ||
| 504 | _aBibliography : p. [193]-203. | ||
| 650 | 0 |
_aSpam filtering (Electronic mail) _2BUEsh |
|
| 650 | 0 |
_aSpam (Electronic mail) _xPrevention. _2BUEsh |
|
| 651 | _2BUEsh | ||
| 653 |
_bCOMSCI _cJanuary2017 |
||
| 942 | _2ddc | ||
| 999 |
_c23821 _d23793 |
||